World constitutions : (Record no. 750)
[ view plain ]
| 000 -LEADER | |
|---|---|
| fixed length control field | 00468cam a2200181ua 4500 |
| 008 - FIXED-LENGTH DATA ELEMENTS--GENERAL INFORMATION | |
| fixed length control field | 110421n ii |||gr||||Z||||||eng |
| 040 ## - CATALOGING SOURCE | |
| Transcribing agency | MAIN |
| 082 ## - DEWEY DECIMAL CLASSIFICATION NUMBER | |
| Classification number | 342.02 |
| 245 1# - TITLE STATEMENT | |
| Title | World constitutions : |
| Remainder of title | A comparative study / |
| Statement of responsibility, etc. | by B.C. Rai |
| 250 ## - EDITION STATEMENT | |
| Edition statement | 1st. |
| 260 ## - PUBLICATION, DISTRIBUTION, ETC. | |
| Place of publication, distribution, etc. | Lucknow: |
| Name of publisher, distributor, etc. | Prakashan kendra,988. |
| 300 ## - PHYSICAL DESCRIPTION | |
| Extent | xxi, 943p.: |
| Dimensions | 45cm. |
| 700 ## - ADDED ENTRY--PERSONAL NAME | |
| Personal name | Rai, B.C., |
| Relator term | |
| 942 ## - ADDED ENTRY ELEMENTS (KOHA) | |
| Koha item type | Books |
| 653 ## - INDEX TERM--UNCONTROLLED | |
| Uncontrolled term | Political science |
| 653 ## - INDEX TERM--UNCONTROLLED | |
| Uncontrolled term | World constitutions |
| Withdrawn status | Lost status | Damaged status | Not for loan | Home library | Current library | Shelving location | Date acquired | Total Checkouts | Full call number | Barcode | Date last seen | Copy number | Price effective from | Koha item type |
|---|---|---|---|---|---|---|---|---|---|---|---|---|---|---|
| Central Library, Naharkatiya College | Central Library, Naharkatiya College | 19/09/2020 | 342.02 | RAI | 577 | 19/09/2020 | 1 | 19/09/2020 | Books |
